000 00622nam a2200181 a 4500
008 120416s1989 ||||||||||||||||| || u
020 _a0851215157
050 _aKD 173.T3 Tim
100 _aTimothy, Patrick J
245 1 0 _aWontner's guide to land registry practice
250 _a17th ed.
260 _aLondon
_bLongman Group Limited
_c1989
300 _axii, 266p.
350 _a0.00
650 _aLAW
650 _aLAND REGISTRATION--LAW AND LEGISLATION
995 _D0.00
_FCBU-MAIN LIBRARY (Kitwe)
_H1
_I27.50
_M1
_UAVAILABLE
_ZAnnex Low-Usage Collection
999 _c61880
_d61880